000
00275nam a2200109Ia 4500
008
190912s9999||||xx |||||||||||||| ||und||
100
_a
Sarwat Sultana Sarwat
245
0
_a
Dil ni mari Kuch Tum say Kha Hain
260
_a
Karachi
_b
Ghazali
_c
2000
300
_a
144
942
_c
BK
999
_c
7887
_d
7887